Statistics for December Holidays Quiz

Click here to take the quiz!

General Stats

  • This quiz has been taken 15 times
  • The average score is 6 of 8

Answer Stats

ClueHoliday% Correct
Celebration of the birth of JesusChristmas
100%
Eight candles, eight days. Celebrated by Jews.Hanukkah
92%
Last day of the calendar yearNew Year's Eve
85%
Created after the Watts riots for African-AmericansKwanzaa
69%
Remembrance of the life of the original Santa Claus{Saint} {Nicholas} Day
69%
The few weeks leading up to and in anticipation of #1Advent
62%
When slaves would traditionally receive gifts in Britain{Boxing} Day
54%
Secular holiday for ancient GermansYule
31%

Score Distribution

Percentile by Number Answered

Percent of People with Each Score

Your Score History

You have not taken this quiz